Дело об учреждении при Виленском университете Медицинского института и об ассигновании средств на путевые издержки и содержание ...

Доступно только в Электронных читальных залах Найти на картеНа карте
RUSMARC
00004675nmc2a2200000 x 450
001600f04fb-a86d-426d-aa45-aeaa19edbf0d
00520160325120132.0
100##$a20160325l18071817k l0rusy0189 ca
1010#$arus
102##$aRU
2001#$aДело об учреждении при Виленском университете Медицинского института и об ассигновании средств на путевые издержки и содержание воспитанников гимназий, желавших обучаться в институте
$j23 января 1807 г. - 25 мая 1817 г.
251##$cДело
300##$aДело
300##$aОриг. заголовок дела: Дело по отношению господина министра внутренних дел с препровождением копии с высочайше утвержденного положения о заведении при Виленском университете Медицинского института. Тут же находится положение о Медицинском институте. Тут же о безостановочной выдаче подорожных воспитанникам гимназии, которые отправляются в Медицинский институт в Вильну. О помещении этих воспитанников в зданиях университетских. Начато 23 января 1807 г
801#0$aRU
$bРГИА
$c20160325
$gRCR
801#1$aRU
$bГлавНИВЦ
$c20160325
$2rusmarc
801#2$aRU
$bПБ им. Б.Н. Ельцина
$c20160325
$gRCR
$2rusmarc
850##$aРГИА
852##$aРГИА
$eФедеральное казенное учреждение "Российский государственный исторический архив" (РГИА)
$j2
937##$hРГИА
$d12205747
$aASBIBLIO_SCAN
462#0$100110dcdccd-ec79-4ee8-a204-b9d031b41c04
$12001
$aМедицинские дела Департамента народного просвещения
$1251
$cОпись
$1852
$j99
461#0$1001a74412a3-3cc5-4d21-8f0a-dfe2fbd9e72d
$12001
$aДепартамент народного просвещения Министерства народного просвещения (1803-1917)
$1251
$cФонд
$1852
$j733
215##$a38 л.
$d36,5х26 см
371##$aДокумент не является опубликованным и широко распространяемым
105##$ay###
1222#$ad
5171#$aДело по отношению господина министра внутренних дел с препровождением копии с высочайше утвержденного положения о заведении при Виленском университете Медицинского института. Тут же находится положение о Медицинском институте. Тут же о безостановочной выдаче подорожных воспитанникам гимназии, которые отправляются в Медицинский институт в Вильну. О помещении этих воспитанников в зданиях университетских. Начато 23 января 1807 г
035##$a600f04fb-a86d-426d-aa45-aeaa19edbf0d
Формат отображения